000 00575nam a22002297a 4500
003 UA-OsUOA
001 41070
007 ta
008 20060915b un ||||| |||| 00| 0 ukr d
100 _aКояндер Е. В.
090 _a82-94
_bК76
942 _cBK
040 _aUA-OsUOA
_brus
_cUA-OsUOA
_dUA-OsUOA
245 _aЯ - "Рубин", приказываю...
300 _a277 с.
955 _a2
041 _arus
080 _a82-94
260 _aМ.
_c1978
650 7 _a82 Література. Літературознавство
_2UDC
999 _c327206
_d327206